| 000 | 00678nam a2200241 a 4500 | ||
|---|---|---|---|
| 005 | 20210219152900.0 | ||
| 008 | 991125n 000 0 u | ||
| 035 | _aUPN01000065037 | ||
| 100 | _aLooney, Jacqueline | ||
| 222 | _aNEW DIRECTIONS FOR INSTITUTIONAL RESEARCH | ||
| 245 | _aAssessing minorities for graduate admissions | ||
| 300 | _a7-18 | ||
| 362 | _aNo. 65, 1990 | ||
| 505 | _aEnero 1991 | ||
| 653 | 0 | _aCRITERIOS DE ADMISION | |
| 653 | 0 | _aDIFERENCIAS CULTURALES | |
| 653 | 0 | _aEDUCACION SUPERIOR | |
| 653 | 0 | _aGRUPOS MINORITARIOS | |
| 653 | 0 | _aNORMAS ACADEMICAS | |
| 653 | 0 | _aPARTICIPACION DEL ESTUDIANTE | |
| 904 |
_aAC _b002848 |
||
| 905 | _aArticulo | ||
| 999 |
_c62886 _d62886 |
||